| 000 | 01053cam a22003257a 4500 | ||
|---|---|---|---|
| 003 | CHAP | ||
| 005 | 20220329141618.0 | ||
| 008 | 971013s r 00010 d | ||
| 010 | _a71006 | ||
| 011 | _a71978 | ||
| 035 | _a81532 | ||
| 040 | _cCHAP | ||
| 082 |
_a636.39 _bA36 |
||
| 100 | 0 | 0 |
_aAgraz García, Abraham Angel. _91159 |
| 245 | 1 | 3 | _aLabor cultural (1956-1977) |
| 260 |
_aMéxico, D.F. : _b(s.e.), _c(s.a.) |
||
| 300 | _as.p. | ||
| 590 |
_aBATCH-UPD _b10 _c20130109 _lUCH01 _h2359 |
||
| 590 |
_aBATCH-UPD _b10 _c20130110 _lUCH01 _h1220 |
||
| 590 |
_aBATCH-UPD _b10 _c20130409 _lUCH01 _h1934 |
||
| 590 |
_aBATCH-UPD _b10 _c20130410 _lUCH01 _h0755 |
||
| 590 |
_aBATCH-UPD _b10 _c20130913 _lUCH01 _h1956 |
||
| 590 |
_aCONVERSION _b10 _c20130109 _lUCH01 _h1339 |
||
| 650 | 1 | 4 |
_aGanadería _xInvestigación. _944756 |
| 650 | 1 | 4 |
_aGanado cabrío. _944988 |
| 901 | _aBK | ||
| 942 | _cLIBRO | ||
| 949 |
_a636.39 A36 _bBC _cLIBRO _d33724000136503 _eLIBRO _h41884 _i81532 _mD. _si |
||
| 949 |
_a636.39 A36 _bBC _cLIBRO _d33724000136511 _eLIBRO _fc.2 _h41885 _i81532 _mD. _si |
||
| 999 |
_c71006 _d71006 |
||